| 000 | 00714nam a22002177a 4500 | ||
|---|---|---|---|
| 999 |
_c10437 _d10437 |
||
| 003 | AR-CdUCM | ||
| 008 | 190401b ||||| |||| 00| 0 spa d | ||
| 040 |
_aMUNICIPALIDAD PROVINCIAL DEL CUSCO _cBIBLIOTECA MUNICIPAL DEL CUSCO |
||
| 082 |
_aES / 800 / _bST79 |
||
| 100 |
_aStevenson, Robert Louis _99477 |
||
| 245 | _aLa Isla del Tesoro / | ||
| 260 |
_aBuenos Aires ; _bAtlantida S. A. ; _c1955. |
||
| 300 |
_a265 páginas ; _bIlustraciones _c17cm |
||
| 440 |
_aBiblioteca Billiken - Colección Roja _927273 |
||
| 505 | _aContenido: Novela | ||
| 650 |
_aNovela _9572 |
||
| 650 |
_aLiteratura juvenil _91580 |
||
| 700 |
_aMéndez Soler, Alejandro (versión) _927290 |
||
| 942 |
_2ddc _cLIBROS |
||
| 945 | _anom | ||